States forestry for the Axe
Đã lưu trong:
| Príomhúdar: | |
|---|---|
| Formáid: | Leabhar |
| Teanga: | Undetermined |
| Foilsithe: |
New York
The Institute of Economic Affairs
1981
|
| Ábhair: | |
| Clibeanna: |
Cuir Clib Leis
Gan Chlibeanna, Bí ar an gcéad duine leis an taifead seo a chlibeáil!
|
| Thư viện lưu trữ: | Trung tâm Học liệu Trường Đại học Cần Thơ |
|---|
| LEADER | 00498nam a2200181Ia 4500 | ||
|---|---|---|---|
| 001 | CTU_86430 | ||
| 008 | 210402s9999 xx 000 0 und d | ||
| 082 | |a 354.55 | ||
| 082 | |b M649 | ||
| 100 | |a Miller, Robert | ||
| 245 | 0 | |a States forestry for the Axe | |
| 245 | 0 | |c Robert Miller | |
| 260 | |a New York | ||
| 260 | |b The Institute of Economic Affairs | ||
| 260 | |c 1981 | ||
| 650 | |a Forestry public administration | ||
| 904 | |i Năm | ||
| 980 | |a Trung tâm Học liệu Trường Đại học Cần Thơ | ||